| 000 | 00376 a2200169 4500 | ||
|---|---|---|---|
| 001 | 69524 | ||
| 020 | _a8535609024 | ||
| 040 | _cAnchieta - Itaigara | ||
| 100 | _aCampos, Salviano de | ||
| 240 | 1 | 0 |
_aRevendo a história _lpor |
| 245 | 1 | 0 | _aRevendo a história |
| 300 | _a47 | ||
| 362 | 0 | _a2002 | |
| 440 | 1 | _aPaulinas | |
| 650 | 4 | _aLiteratura infanto-juvenil | |
| 942 | _cBK | ||
| 999 |
_c69524 _d69524 |
||